Completamente viernes : (1994-1997)

Guardado en:
Detalles Bibliográficos
Autor principal: García Montero, Luis, 1958-
Formato: Libro
Publicado: Barcelona, España: Tusquets Editores, 1998.
Edición:14ª. edición.
Colección:Marginales ; Nuevos textos sagrados, 165.
Materias:
Etiquetas: Agregar Etiqueta
Sin Etiquetas, Sea el primero en etiquetar este registro!

MARC

LEADER 00000cam a2200000 a 4500
001 4513111
003 CL-VaPUC
005 20241125164035.0
008 980415s2022sp 000 0 spa
999 |c 440406  |d 440404 
010 |a  98139273  
020 |a 848310565 
040 |a DLC  |c Pontificia Universidad Católica de Valparaíso  |d DLC 
082 7 |a 861 GAR 2022  |2 22 
100 |a García Montero, Luis,  |d 1958-  |9 881101 
245 1 0 |a Completamente viernes :  |b (1994-1997) 
250 |a 14ª. edición. 
260 |a Barcelona, España:  |b Tusquets Editores,  |c 1998. 
300 |a 125 páginas.  
490 |a Marginales ;  |a Nuevos textos sagrados,   |v 165. 
583 |c 20230331  |k GC 
650 0 |a Poesía española  |9 264938  |y Siglo 20 
942 |2 ddc  |c BK 
952 |0 0  |1 0  |2 ddc  |4 0  |6 861_000000000000000_GAR_2022  |7 0  |8 A  |9 589602  |a BIBEDU  |b BIBEDU  |c GEN  |d 2023-04-11  |e Compra Rectoría   |i 5657110  |o 861 GAR 2022  |p 5657110  |r 2023-04-11  |t 1  |w 2023-04-11  |y BK  |k EDU